| 000 | 00819cam a22002413a 4500 | ||
|---|---|---|---|
| 001 | 26884 | ||
| 003 | PGUSA | ||
| 005 | 20140828083559.0 | ||
| 008 | 081012s2008||||xxu|||||s|||||000 | eng d | ||
| 040 |
_aPGUSA _beng |
||
| 042 | _adc | ||
| 050 | 4 | _aD501 | |
| 100 | 1 |
_aLa Motte, Ellen Newbold, _d1873-1961 |
|
| 245 | 1 | 4 |
_aThe Backwash of War : _bThe Human Wreckage of the Battlefield as Witnessed by an American Hospital Nurse _h[electronic resource] / _cEllen Newbold La Motte |
| 260 |
_bProject Gutenberg, _c2008 |
||
| 506 | _aPublic domain in the USA. | ||
| 516 | _aElectronic text | ||
| 653 | _aWorld War, 1914-1918 -- Hospitals, charities, etc. | ||
| 653 | _aWorld War, 1914-1918 -- Personal narratives | ||
| 830 | 0 |
_aProject Gutenberg _v26884 |
|
| 856 | 4 | 0 | _uhttp://www.gutenberg.org/ebooks/26884 |
| 942 | _cEB | ||
| 999 |
_c256139 _d256139 |
||